Coupe du Monde Feminine Liste des Championnes - Statistiques

Statistiques générales
  • Ce quiz a été pris 327 fois
  • Le résultat moyen est 6 sur 8
Statistiques - réponses
Année Nation % Correct
1991 Etats-Unis
98%
1999 Etats-Unis
98%
2015 Etats-Unis
98%
2019 Etats-Unis
98%
2003 Allemagne
81%
2007 Allemagne
81%
2011 Japon
56%
1995 Norvège
42%
Aucun quiz correspondant
Distribution des résultats
% des personnes avec chaque résultat
Percentile par nombre de réponses
Votre historique - résultats
Vous n’avez pas pris ce quiz